Subhas Chandra Bose: biography / (Record no. 150931)

MARC details
000 -LEADER
fixed length control field 00760nam a22002177a 4500
005 - DATE AND TIME OF LATEST TRANSACTION
control field 20180410105028.0
010 ## - LCCN (DPL NO)
LC control number B-690886-887
020 ## - INTERNATIONAL STANDARD BOOK NUMBER
International Standard Book Number 9789384401177
Terms of availability 160.00
035 ## - SYSTEM CONTROL NUMBER
System control number B-690886-887
037 ## - SOURCE OF ACQUISITION
Stock number DPL
Source of stock number/acquisition Pancy
082 ## - DEWEY DECIMAL CLASSIFICATION NUMBER
Classification number 921
245 ## - TITLE STATEMENT
Title Subhas Chandra Bose: biography /
Remainder of title Edited by Kaushal K. Goyal
260 ## - PUBLICATION, DISTRIBUTION, ETC. (IMPRINT)
Place of publication, distribution, etc N.Delhi
Name of publisher, distributor, etc Pigeon Books India
Date of publication, distribution, etc 2015
270 ## - ADDRESS
Address 16, Ansari Road,Daryaganj,
City N.Delhi
Postal code 110002
300 ## - PHYSICAL DESCRIPTION
Extent 173p.:
Other physical details 20cm(pbk)
Dimensions ill.
490 ## - SERIES STATEMENT
Series statement Pigeon Books India
500 ## - GENERAL NOTE
General note Balidani
700 ## - ADDED ENTRY--PERSONAL NAME
Personal name Goyal, Kaushal K.
942 ## - ADDED ENTRY ELEMENTS (KOHA)
Source of classification or shelving scheme Dewey Decimal Classification
Item type English Books
Classification part 921
Call number suffix SUB
Holdings
Withdrawn status Lost status Not for loan Collection code Home library Current library Date acquired Source of acquisition Cost, normal purchase price Full call number Barcode Copy number Cost, replacement price Koha item type Public note
      Non-fiction Central Library Central Library 10/04/2018 Pansy 1721/05.03.2018/795/19.02.2018/12.03.2018 160.00 921 SUB B-690886 1 160.00 English Books Balidani
      Non-fiction Sarojini Nagar Sarojini Nagar 10/04/2018 Pansy 1721/05.03.2018/795/19.02.2018/12.03.2018 160.00 921 SUB B-690887 1 160.00 English Books Balidani

© Delhi Public Library
Hit Counter
free hit counter